00587naa a2200145 a 450000100080000000500110000800800410001910000110006024500570007126000090012852002280013765300110036565300140037677300510039010868772012-09-11 1997 bl uuuu u00u1 u #d1 aEpagri aEpagri de Ca??ador lan??a mais cultivares de ma????. c1997 aO artigo descreve sobre as caracter??sticas das novas cultivares de macieira da Epagri, a Baronesa e a Lisgala. Apresenta um mapa agroclim??tico mostrando a regi??o do Estado de Santa Catarina com clima para a cv. Baronesa. aMa???? aVariedade tJornal da Fruta, Lages, SCgv. 5, n. 37, 1997.